[Event "Johor op 5th"]
[Site "Johor"]
[Date "2018.12.10"]
[Round "1"]
[White "Goh, Zi Han"]
[Black "Soon, Jien Hao Ian Zachar"]
[Result "1-0"]
[WhiteElo "1968"]
[BlackElo "1428"]
[PlyCount "120"]
[EventDate "2018.12.10"]
[EventType "swiss"]
[EventRounds "9"]
[EventCountry "MAS"]
[SourceTitle "CBM 187 Extra"]
[Source "ChessBase"]
[SourceDate "2018.11.04"]
[SourceVersion "1"]
[SourceVersionDate "2018.11.04"]
[SourceQuality "1"]

1. d4 Nf6 2. c4 g6 3. Nc3 Bg7 4. e4 d6 5. Bd3 0-0 6. Nge2 Nbd7 7. 0-0 e5 8. d5 Nc5 9. Bc2 a5 10. h3 Ne8 11. Be3 f5 12. exf5 gxf5 13. f4 e4 14. Nd4 Nf6 15. Qe2 Re8 16. b3 Qe7 17. Rfe1 Bd7 18. Qd2 Qf7 19. a3 b6 20. b4 Nb7 21. Ba4 Bxa4 22. Nxa4 Nd7 23. Nc3 Nf8 24. Kh2 Rac8 25. Ncb5 Qd7 26. Rac1 Ra8 27. Rg1 axb4 28. axb4 Ra4 29. Ra1 Rxa1 30. Rxa1 Rb8 31. Ra7 Bxd4 32. Nxd4 Nd8 33. Qa2 Rb7 34. Rxb7 Nxb7 35. Qa8 Nd8 36. Qa7 h6 37. Nb5 c6 38. Qxd7 Nxd7 39. Nxd6 cxd5 40. cxd5 Nf6 41. Bxb6 Nf7 42. Nxf5 Nxd5 43. Bc5 Nxf4 44. b5 Nd3 45. Be7 Nde5 46. b6 Nd7 47. b7 Kh7 48. Bh4 Nfe5 49. Bg3 Nc6 50. Bc7 Kg6 51. Ne3 Kg5 52. Kg3 h5 53. h4+ Kf6 54. Kf4 Kg6 55. Nc4 Ndb8 56. Ne5+ Nxe5 57. Bxe5 Nc6 58. b8Q Nxb8 59. Bxb8 e3 60. Kxe3 Kf5 1-0